| 000 | 00777nam a2200229 a 4500 | ||
|---|---|---|---|
| 001 | 41325 | ||
| 003 | BD-RjUL | ||
| 005 | 20211209053351.0 | ||
| 008 | 160529s1982 bg ||||| |||| 001 0 ben d | ||
| 020 | _c: TK 65.00 | ||
| 035 | _a(BD-RjUL)41442 | ||
| 040 |
_aBD-RjUL _bben _cBD-RjUL |
||
| 041 | _aben | ||
| 082 |
_223 _a190 _bISS 1982 |
||
| 100 |
_aইসলাম, আমিনুল _9127103 |
||
| 245 | 1 | 0 |
_aসমকালীন পাশ্চাত্ত্য দর্শন / _cআমিনুল ইসলাম |
| 260 |
_aঢাকা : _bবাংলা একাডেমী, _c১৯৮২ |
||
| 300 |
_a[১৬], ৫১৪ পৃ. ; _c২১ সেমি. |
||
| 650 |
_aদর্শন _9127104 |
||
| 650 |
_aPhilosophy _9127105 |
||
| 942 |
_2ddc _cBK |
||
| 999 |
_c41325 _d41325 |
||